000 00344 a2200169 4500
001 189606
020 _a85-08-06862-X
040 _cMagnum
100 _aGaldino, Luiz
240 1 0 _aSegura, peão!
_lpor
245 1 0 _aSegura, peão!
300 _a160
362 0 _a1998
440 1 _aÁtica
697 _aLITERATURA JUVENIL
942 _cBK
999 _c189606
_d189606